خودشناسی (Record no. 608132)
[ view plain ]
| 000 -LEADER | |
|---|---|
| fixed length control field | 00658nam a2200217 a 4500 |
| 003 - CONTROL NUMBER IDENTIFIER | |
| control field | OSt |
| 005 - DATE AND TIME OF LATEST TRANSACTION | |
| control field | 20240226100045.0 |
| 008 - FIXED-LENGTH DATA ELEMENTS--GENERAL INFORMATION | |
| fixed length control field | 180226t2001 pk | |||| 00| 0 urd d |
| 020 ## - INTERNATIONAL STANDARD BOOK NUMBER | |
| International Standard Book Number | 9789693512786 |
| 040 ## - CATALOGING SOURCE | |
| Transcribing agency | 0 |
| 082 ## - DEWEY DECIMAL CLASSIFICATION NUMBER | |
| Classification number | 302.15 |
| Author Mark | SAL 2001 |
| 100 10 - MAIN ENTRY--PERSONAL NAME | |
| Personal name | سليم اختر،ڈاکٹر |
| 9 (RLIN) | 121287 |
| 245 10 - TITLE STATEMENT | |
| Title | خودشناسی |
| Statement of responsibility, etc. | Dr Saleem Akhtar. |
| 246 ## - VARYING FORM OF TITLE | |
| Title proper/short title | Khud Shanasi |
| 260 ## - PUBLICATION, DISTRIBUTION, ETC. | |
| Place of publication, distribution, etc. | Lahore: |
| Name of publisher, distributor, etc. | Sang e Meel Pub; |
| Date of publication, distribution, etc. | 2001. |
| 300 ## - PHYSICAL DESCRIPTION | |
| Extent | 232 p. |
| 650 ## - SUBJECT ADDED ENTRY--TOPICAL TERM | |
| Topical term or geographic name entry element | Nafsiyat |
| 9 (RLIN) | 121288 |
| 650 ## - SUBJECT ADDED ENTRY--TOPICAL TERM | |
| Topical term or geographic name entry element | Moashari Nafsiyat |
| 9 (RLIN) | 121289 |
| 942 ## - ADDED ENTRY ELEMENTS (KOHA) | |
| Source of classification or shelving scheme | |
| Koha item type | Book |
| Institution code [OBSOLETE] | SADA |
| Call number prefix | 302.15 SAL 2001 |
| Withdrawn status | Lost status | Source of classification or shelving scheme | Damaged status | Not for loan | Permanent Location | Current Location | Date acquired | Source of acquisition | Total Checkouts | Full call number | Barcode | Date last seen | Cost, replacement price | Price effective from | Koha item type |
|---|---|---|---|---|---|---|---|---|---|---|---|---|---|---|---|
| School of Art Design and Architecture (SADA) | School of Art Design and Architecture (SADA) | 02/09/2018 | Donation | 302.15 SAL 2001 | SADAD0000245 | 02/26/2024 | 350.00 | 02/26/2024 | Book |
